| 000 | 00989cam a22002534a 4500 | ||
|---|---|---|---|
| 001 | 13465803 | ||
| 003 | OSt | ||
| 005 | 20140408161334.0 | ||
| 008 | 130611s2001 slv spa | ||
| 040 |
_aDLC _cBMC |
||
| 082 | _a346.0157284 | ||
| 082 | _a323.67284026 | ||
| 110 | 1 |
_916613 _aEl Salvador _tLey transitoria del registro del estado familiar y de los regímenes patrimoniales del matrimonio, 1995 |
|
| 245 | 1 | 0 |
_aLey transitoria del registro del estado familiar y de los regímenes patrimoniales del matrimonio _b: (con sus reformas) |
| 250 | _a4ª ed | ||
| 260 |
_aSan Salvador _bEditorial Jurídica Salvadoreña _c2001 |
||
| 300 |
_a1 folleto (48 p.) _c21 cm |
||
| 500 | _aDatos tomados de la cub. | ||
| 594 | _1Precede al tít.: República de El Salvador | ||
| 650 | 2 | 4 |
_96814 _aDerecho de familia _zEl Salvador |
| 650 | 2 | 4 |
_916977 _aIdentificación _zEl Salvador _vLegislación |
| 710 | 1 |
_916967 _aEl Salvador _tLey del nombre de la persona natural, 1990 |
|
| 942 |
_2ddc _cBK |
||
| 999 |
_c8776 _d8776 |
||